Fuentes numérico-nominales e investigación histórica /
Uloženo v:
| Další autoři: | |
|---|---|
| Médium: | Kniha |
| Jazyk: | Spanish |
| Vydáno: |
San José, Costa Rica :
Centro de Investigaciones Históricas de América Central, Universidad de Costa Rica,
1995.
|
| Edice: | Trabakps de metodología
4 |
| Témata: | |
| Tagy: |
Přidat tag
Žádné tagy, Buďte první, kdo vytvoří štítek k tomuto záznamu!
|
MARC
| LEADER | 00000cam a2200000 a 4500 | ||
|---|---|---|---|
| 005 | 20150722141728.0 | ||
| 008 | 000418s1995 cr a r 00010 spa d | ||
| 020 | |a 9977150443 | ||
| 040 | |a la |c la |d CIICLA | ||
| 041 | 0 | |a spa | |
| 082 | 0 | 4 | |a 306.09 |b F954f |2 19 ed. |
| 245 | 0 | 0 | |a Fuentes numérico-nominales e investigación histórica / |c Mario Samper K. (compilador). |
| 260 | |a San José, Costa Rica : |b Centro de Investigaciones Históricas de América Central, Universidad de Costa Rica, |c 1995. | ||
| 300 | |a 172 páginas: |b ilustraciones | ||
| 490 | 1 | |a Trabakps de metodología |v 4 | |
| 504 | |a Incluye bibliografía. | ||
| 505 | |r Mario Samper. |t Nombres y números. Reflexión sobre los usos históricos de las fuentes númerico-nominales / | ||
| 505 | |r Manuel Solís. |t Los límites del eclecticismo creativo en el campo de la historia / | ||
| 505 | |r Edwin Gonález. |t Costruyendo fuentes para una historia del poder: el censo de 1844 / | ||
| 505 | |r Marielos Acuña y Mario Samper |t Trabajo y familia. Un intento de historia social a partir del censo de 1927 / | ||
| 505 | |r Nancy Worsfold. |t Estructura familiar y condición de la mujer en San José / | ||
| 505 | |r Brunilda Hilje, Carlos Naranjo y Mario Samper. |t Cambio tecnológico y cambio social en zonas cafetaleras: estudio cuantitativo-cualitativo / | ||
| 505 | |r Ronny Viales. |t La región atlántica costarricense. De la bonanza a la crisis / | ||
| 505 | |r Patricia Badilla. |t Una estrategia de acercamiento al estudio de la cultura política en sectores campesinos costarricenses / | ||
| 505 | |r Arnaldo Moya. |t Comerciantes y demás principales de Cartago (1750-1820). La estructura familiar y el marco material de la vida cotidiana / | ||
| 650 | 1 | 7 | |a HISTORIA SOCIAL |z COSTA RICA |v FUENTES |
| 700 | 1 | |a Samper Kutschbach, Mario, |e comp. | |
| 942 | |2 ddc |c BK | ||
| 999 | |c 4413 |d 4413 | ||



